Pipelines 2008 : (Record no. 13121)
[ view plain ]
| 000 -LEADER | |
|---|---|
| fixed length control field | 01897nam a2200373 i 4500 |
| ISBN | 9780784472491 (e-book) |
| 245 10 - TITLE STATEMENT | |
| Title | Pipelines 2008 : |
| 300 ## - PHYSICAL DESCRIPTION | |
| Number of Pages | 1 online resource (1342 pages) : |
| Other physical details | illustrations (some color) |
| 650 #0 - SUBJECT ADDED ENTRY--TOPICAL TERM | |
| Topical Term | Pipelines |
| Topical Term | Pipelines |
| 700 1# - ADDED ENTRY--PERSONAL NAME | |
| Personal name | Gokhale, Sanjiv, |
| Personal name | Rahman, Shah, |
| 856 40 - ELECTRONIC LOCATION AND ACCESS | |
| Uniform Resource Identifier | http://site.ebrary.com/lib/rucke/Doc?id=10960909 |
| 264 #1 - | |
| -- | Reston, Virginia : |
| -- | American Society of Civil Engineers, |
| -- | [2008] |
| 336 ## - | |
| -- | text |
| -- | rdacontent |
| 337 ## - | |
| -- | computer |
| -- | rdamedia |
| 338 ## - | |
| -- | online resource |
| -- | rdacarrier |
| 588 ## - | |
| -- | Description based on online resource; title from PDF title page (ebrary, viewed October 31, 2014). |
No items available.
